000
00253nam a22001217a 4500
082
_a
153.4
_b
KAV/F
100
_a
KAVILPAD,A.B.V
245
_a
555 QUOTATIONS
260
_a
THRISSUR
_b
H&C BOOKS
300
_a
64
650
_a
QUOTATIONS
_z
KERALA
942
_c
BK
999
_c
3744
_d
3744